|
|
|
|
| LEADER |
01830nam a2200349 a 4500 |
| 001 |
13969777 |
| 003 |
BD-DhAAL |
| 005 |
20230607104625.0 |
| 008 |
100427s2004 bg ab b 000 0 eng d |
| 010 |
|
|
|a 2005318090
|
| 020 |
|
|
|a 9844940237
|
| 040 |
|
|
|a DLC
|c DLC
|d BD-DhAAL
|
| 082 |
0 |
0 |
|a 306.740973
|2 22
|
| 245 |
0 |
0 |
|a Sex-workers in Bangladesh, livelihood, at what price? /
|c edited by Qurratul-Ain-Tahmina, Shishir Moral; research assistants, Hazera and Kajol.
|
| 246 |
3 |
0 |
|a Livelihood : at what price?
|
| 250 |
|
|
|a English edition
|
| 260 |
|
|
|a Dhaka :
|b Society for Environment and Human Development,
|c 2004.
|
| 300 |
|
|
|a ix, 276 pages :
|b illustrations, map ;
|c 23 cm.
|
| 504 |
|
|
|a Includes bibliographical references (pages [273]-276).
|
| 520 |
|
|
|a Contributed articles.
|
| 526 |
|
|
|a ESS
|
| 541 |
1 |
|
|a Complimentary copy from Professor Dr. Nasreen Khundker.
|e 00017287, 36679
|
| 650 |
|
0 |
|a Prostitutes
|z Bangladesh
|x Social conditions.
|9 37416
|
| 700 |
1 |
|
|a Tahmina, Q. A.
|9 37417
|
| 700 |
1 |
|
|a Moral, Shishir.
|9 37418
|
| 710 |
2 |
|
|a Society for Environment and Human Development (Dhaka, Bangladesh)
|9 37419
|
| 852 |
4 |
|
|a Ayesha Abed Library
|j General Stacks
|
| 942 |
|
|
|2 ddc
|c BK
|
| 999 |
|
|
|c 8278
|d 8278
|
| 952 |
|
|
|0 0
|1 0
|2 ddc
|4 0
|6 306_740973000000000_SEX_2004
|7 0
|9 9501
|a BRACUL
|b BRACUL
|c GEN
|d 2010-04-27
|l 6
|m 36
|o 306.740973 SEX
|p 3010017287
|r 2025-05-21
|s 2025-01-21
|t 1
|w 2010-04-27
|y BK
|
| 952 |
|
|
|0 0
|1 0
|2 ddc
|4 0
|6 306_740973000000000_SEX
|7 0
|9 20805
|a BIGD
|b BIGD
|c GEN
|d 2012-07-24
|e BDI
|g 300.00
|l 0
|o 306.740973 SEX
|p 3050025669
|r 2012-07-24
|t 2
|v 300.00
|w 2012-07-24
|y BK
|x Transfer from BDI to BIGD.
|
| 952 |
|
|
|0 0
|1 0
|2 ddc
|4 0
|6 306_740973000000000_SEX
|7 0
|9 67220
|a BRACUL
|b BRACUL
|c GEN
|d 2019-11-20
|e Complimentary copy from Professor Dr. Nasreen Khundker.
|l 2
|m 12
|o 306.740973 SEX
|p 3010036679
|q 2026-05-20
|r 2026-05-07
|s 2026-05-07
|t 3
|w 2019-11-20
|y BK
|